Statistics for The top 10 smallest countries

Click here to take the quiz!

General Stats

  • This quiz has been taken 23 times
    (10 since last reset)
  • The average score is 6 of 10

Answer Stats

Answer% Correct
0.44 kmVatican City
83%
2 kmMonaco
83%
21 kmNauru
83%
61 kmSan Marino
83%
26 kmTuvalu
67%
181 kmMarshall Islands
67%
160 kmLiechtenstein
50%
261 kmSaint Kitts and Nevis
50%
300 kmMaldives
17%
316 kmMalta
17%

Score Distribution

Percentile by Number Answered

Percent of People with Each Score

Your Score History

You have not taken this quiz since the last reset